000 01170nam a2200325 a 4500
001 000024581
005 20240410201344.0
008 110131s1994 sp r 000 0 spa d
020 _a8477203121
040 _aDO-SdBNP
_bspa
_cBNPHU
041 1 7 _aspa
_heng
_2Código de idioma MARC
082 _a615.89
_bM958r, 1994
100 1 _aMüller, Brigitte,
_d1957-
_950411
240 1 0 _aReiki, heile dich selbst.
_lEspañol.
245 1 0 _aReiki /
_cBrigitte Müller, Horst H. Günter ; traducción, Claudia Fantl ; prólogo Peter Heitkämper.
250 _a3a ed.
260 _aBarcelona, (España) :
_bEdiciones Obelisco,
_c1994.
300 _a243, [3] p. :
_bil., retrs. ;
_c21 cm.
490 1 _aNueva conciencia
534 _aTítulo original:
_tReiki, heile dich selbst.
500 _aTítulo de la cubierta Reiki: cómo curar con la energía cósmica
650 4 _aMedicina oriental
_950412
650 4 _aTerapias físicas
_950413
650 0 _aMedicina alternativa
_937050
650 4 _aCuración mental
_950414
700 1 _aFantl, Claudia
_etr.
_950415
700 1 _aHeitkämper, Peter
_epról.
_950416
830 0 _aNueva conciencia
_950417
049 _aBNGR
999 _c24074
_d24074